History Quiz

Random History Quiz

Kings and Queens of Scotland 841-1603AD Quiz Stats

 Plays Quiz not verified by Sporcle

Challenge
Share
Tweet
Embed
Score 0/46 Timer 15:00
0 Plays Today
Hint % Correct
1406-1437 ADJames
95.5%
1437-1460 ADJames ii
94%
1460-1488 ADJames iii
94%
1513-1542 ADJames v
93.3%
1567-1603 ADJames vi
93.3%
1488-1513 ADJames iv
91.8%
1306-1329 ADRobert
90.3%
1542-1567 ADMary
90.3%
1371-1390 ADRobert ii
83.6%
1390-1406 ADRobert iii
78.4%
1034-1040 ADDuncan
75.4%
1040-1057 ADMacbeth
71.6%
943-954 ADMalcolm
69.4%
1005-1034 ADMalcolm ii
66.4%
1107-1124 ADAlexander
66.4%
841-859 ADKenneth
65.7%
1058-1093 ADMalcolm iii
65.7%
1094 ADDuncan ii
64.2%
1124-1153 ADDavid
63.4%
1214-1249 ADAlexander ii
63.4%
1249-1286 ADAlexander iii
62.7%
1286-1290 ADMargaret
62.7%
1165-1214 ADWilliam
61.9%
Hint % Correct
1153-1165 ADMalcolm iv
61.2%
1329-1332 ADDavid ii
60.4%
1338-1371 ADDavid ii
60.4%
971-995 ADKenneth ii
53%
1292-1296 ADJohn Balliol
52.2%
997-1005 ADKenneth iii
51.5%
859-863 ADDonald
48.5%
889-900 ADDonald ii
46.3%
1332-1336 ADEdward
46.3%
1093-1094 ADDonald iii
45.5%
1094-1097 AD (Joint)Donald iii
45.5%
863-877 ADConstantine
42.5%
900-943 ADConstantine ii
37.3%
995-997 ADConstantine iii
35.1%
1097-1107 ADEdgar
26.9%
1057-1058 ADLulach
26.1%
877-878 ADAed
20.9%
1094-1097 AD (Joint)Edmund
16.4%
878-889 AD (Joint)Giric
15.7%
962-967 ADDubh
15.7%
954-962 ADIndulf
14.9%
967-971 ADCulen
11.9%
878-889 AD (Joint)Eochaid
11.2%

You're not logged in!

Compare scores with friends on all Sporcle quizzes.
Join for Free
OR
Log In

You Might Also Like...

Show Comments

Extras

Created Jan 9, 2011ReportNominate
Tags:extra, king, queen, scotland

Top Quizzes Today


Score Distribution

Your Account Isn't Verified!

In order to create a playlist on Sporcle, you need to verify the email address you used during registration. Go to your Sporcle Settings to finish the process.

Report this User

Report this user for behavior that violates our Community Guidelines.

Details: